Türk Dil Kurumu'nun kurucu başkanı Samih Rifat : (Record no. 15688)

MARC details
000 -BAŞLIK
Sabit Uzunlukta Kontrol Alanı 00810nam a22002417a 4500
999 ## - SİSTEM KONTROL NUMARALARI (KOHA)
Koha Biblionumber 15688
Koha Biblioitemnumber 15688
003 - KONTROL NUMARASI IDENTIFIER
Denetim Alanı MIRAKIL
005 - SON İŞLEM TARİHİ VE ZAMANI
Denetim Alanı 20240320154902.0
008 - SABİT-BOY VERİ ELEMANLARI - GENEL BİLGİLER
Sabit Uzunlukta Kontrol Alanı 240320b tu ||||| |||| 00| 0 tur d
020 ## - ULUSLARARASI STANDART KİTAP NUMARASI
Uluslararası Standart Kitap Numarası 9789751620446
040 ## - KATALOGLAMA KAYNAK
Orijinal Kataloglama Ajansı TR-AnCHP
Metne Dönüştürmek Ajansı TR-AnCHP
041 ## - DİL KODU
Metin / Ses Parça Veya Ayrı Başlığın Dil Kodu tur
082 ## - DEWEY ONLU SINIFLANDIRMA NUMARASI
Sınıflandırma Numarası 924
Ürün Numarası C34t 2008
100 ## - ANA GİRİŞ - KİŞİSEL İSİM
Kişisel Ad Celepoğlu, Ayşegül
245 10 - BAŞLIK TABLOSU
Başlık Türk Dil Kurumu'nun kurucu başkanı Samih Rifat :
Başlığın Kalan hayatı ve eserleri /
Sorumluluk Tablosu, Vb Ayşegül Celepoğlu.
260 ## - YAYIN, DAĞITIM, VB
Yayın, Dağıtım, Vb Yeri Ankara :
Yayıncı, Dağıtıcı, Vs Adı Türk Dil Kurumu Yayınları,
Yayın, Dağıtım, Vb Tarihi 2008.
300 ## - FİZİKSEL TANIM
Kapsam 343 s. ;
Boyutlar 24 cm.
490 0# - SERİSİ TABLOSU
Seri Beyanı Türk Dil Kurumu Yayınları ;
Hacim / Ardışık Tanımı 933.
504 ## - KAYNAKÇA VB NOT
Kaynakça Vb Notu Kaynakça: 327-331. ss.<br/>
600 #0 - KONU KATMA GİRİŞ - KURUMSAL ADI
9 (RLIN) 7809
Kişisel Ad Rifat, Samih
650 #0 - KONU KATMA GİRİŞ - TOPİKAL DÖNEM
9 (RLIN) 5238
Topikal Süreli Veya Coğrafi Ad Giriş Elemanı Eğitimciler
856 ## - ELEKTRONİK YER VE ERİŞİM
Kamu Notu Dijital Nüshası için Partimizin Kütüphane Sorumlusu ile iletişime geçiniz.
942 ## - EKLENDİ GİRİŞ ELEMANLARI (KOHA)
Sınıflandırma Veya Raf Düzeni Kaynak Dewey Decimal Classification
Koha Öğesi Türü Books
Holdings
Kalıcı Konum Mevcut Konum Edinme Tarihi Toplam Check-Out'Lar Tam Çağrı Numarası Barkod Tarih Son Görülme İtibaren Geçerli Fiyatlar Koha Öğesi Türü
CHP Kütüphanesi CHP Kütüphanesi 03/20/2024   924 C34t 2008 21607 03/20/2024 03/20/2024 Books